ŁVaya modales! (Registro nro. 12138)

Detalles MARC
000 -CABECERA
Longitud fija campo de control 00821cam a22002537 4500
003 - • IDENTIFICADOR DELl NÚMERO DE CONTROL
Identificador del número de control CO-ViMGA
005 - • FECHA Y HORA DE LA ÚLTIMA TRANSACCIÓN
Fecha y hora de la última transacción 20230915225027.0
008 - • CÓDIGOS DE INFORMACIÓN DE LONGITUD FIJA
Códigos de información de longitud fija 081006s2008 sp a | |||| 000 0 spa
020 ## - • NÚMERO INTERNACIONAL NORMALIZADO PARA LIBROS
Número Internacional Normalizado para Libros (ISBN) 9788426136558
040 ## - FUENTE DE LA CATALOGACIÓN
Centro catalogador de origen CO-ViMGA
Lengua de catalogación spa
Centro transcriptor CO-ViMGA
041 1# - • CÓDIGO DE LENGUA
Código de lengua original eng
100 1# - • PUNTO DE ACCESO PRINCIPAL-NOMBRE DE PERSONA
Nombre de persona Thomas, Pat
Fechas asociadas al nombre 1959-
240 10 - • TÍTULO UNIFORME
Título uniforme <a href="My manners matter">My manners matter</a>
245 10 - • TITULO PROPIAMENTE DICHO
Título ŁVaya modales!
Medio [Texto impreso] :
Resto del título hablemos de la buena educacion̤
Mención de responsabilidad, etc. Pat Thomas ; con ilustraciones de Lesley Harker ; [traduccin̤, Maria Lucchetti Bochaca]
250 ## - • MENCI&Oacute;N DE EDICI&Oacute;N
Mención de edición 1® ed.
300 ## - • DESCRIPCI&Oacute;N F&Iacute;SICA
Extensión 29 p.
Otras características físicas il. col.
Dimensiones 22 x 25 cm
490 0# - • MENCI&Oacute;N DE SERIE
Mención de serie Hablemos de la buena educación
650 17 - • PUNTO DE ACCESO ADICIONAL DE MATERIA - T&Eacute;RMINO DE MATERIA
Término de materia o nombre geográfico como elemento inicial Etiqueta para niǫs
Fuente del encabezamiento o término embne
700 1# - • PUNTO DE ACCESO ADICIONAL - NOMBRE DE PERSONA
Nombre de persona Harker, Lesley
942 ## - ENTRADA DE ELEMENTOS AGREGADOS (KOHA)
Fuente de clasificaión o esquema Dewey Decimal Classification
Koha [por defecto] tipo de item LIbro
Existencias
Perdido Fuente de clasificaci&oacute;n o esquema Estado Físico No para pr&eacute;stamo Forma de adquisición Localizaci&oacute;n permanente Localizaci&oacute;n actual Fecha adquisici&oacute;n Pr&eacute;stamos totales Renovaciones totales Signatura completa C&oacute;digo de barras Fecha &uacute;ltima consulta Fecha &uacute;ltimo pr&eacute;stamo N&uacute;mero de copia Fecha del precio de reemplazo Tipo de item de Koha
  Dewey Decimal Classification     Sala Infantil Segundo Piso Biblioteca Pública Germán Arciniegas - Villavicencio Biblioteca Pública Germán Arciniegas - Villavicencio 12/02/2015 5 1 CTHOy 29270 06/10/2019 06/10/2019 1 12/03/2015 LIbro









Instituto Departamental de Cultura del Meta - Red Departamental de Bibliotecas Públicas del Meta.